El teatro francés contemporáneo / (Record no. 189752)

MARC details
000 -LEADER
campo de control de longitud fija 00821nam a2200217 i 4500
001 - NÚMERO DE CONTROL
campo de control 189752
003 - IDENTIFICADOR DE NÚMERO DE CONTROL
campo de control ES-MaACL
005 - FECHA Y HORA DE LA ÚLTIMA TRANSACCIÓN
campo de control 20251003195300.0
008 - DATOS DE LONGITUD FIJA--INFORMACIÓN GENERAL
campo de control de longitud fija 191010s1951 sp |||| | spa d
245 03 - MENCIÓN DEL TÍTULO
Título El teatro francés contemporáneo /
Mención de responsabilidad, etc. introducción y recopilación de los textos por Gabriel Laplana ; [la traducción por Enrique Canito].
260 ## - PUBLICACIÓN, DISTRIBUCIÓN, ETC.
Lugar de publicación, distribución, etc. [Madrid :
Nombre del editor, distribuidor, etc. s.n.,
Fecha de publicación, distribución, etc. 1951] (
Fabricante J.F. Izquierdo)
300 ## - DESCRIPCIÓN FÍSICA
Extensión 110 p., 4 h. de lám. ;
Dimensiones 23 cm.
490 1# - MENCIÓN DE SERIE
Mención de serie Cuadernos Ínsula ;
Designación de volumen o secuencia 2
650 #4 - PUNTO DE ACCESO ADICIONAL DE MATERIA--TÉRMINO DE MATERIA
Término de materia o nombre geográfico como elemento de entrada Teatro francés-
Subdivisión cronológica S.XX.
9 (RLIN) 17362
650 #4 - PUNTO DE ACCESO ADICIONAL DE MATERIA--TÉRMINO DE MATERIA
Término de materia o nombre geográfico como elemento de entrada Teatro francés-
Subdivisión cronológica S.XX-
Subdivisión general Historia y crítica.
9 (RLIN) 174696
700 1# - ENTRADA AGREGADA--NOMBRE PERSONAL
Nombre de persona Laplane, Gabriel.
9 (RLIN) 70164
700 1# - ENTRADA AGREGADA--NOMBRE PERSONAL
Nombre de persona Canito, Enrique,
Fechas asociadas al nombre 1904-1992
9 (RLIN) 168499
830 1# - PUNTO DE ACCESO ADICIONAL DE SERIE-TÍTULO UNIFORME
Título uniforme Cuadernos de Ínsula
Designación de volumen o secuencia 2
9 (RLIN) 224032
852 4# - LOCALIZACIÓN
Ubicación ES-MaACL
Número de control de estantería P-944
Holdings
Estatus retirado Estado de pérdida Estado de daño No para préstamo Biblioteca de origen Biblioteca actual Ubicación en estantería Fecha de adquisición Fuente de adquisición Total de préstamos Signatura topográfica completa Código de barras Visto por última vez Precio de reemplazo Tipo de ítem Koha
        Biblioteca del Ateneo de Madrid Biblioteca del Ateneo de Madrid Depósito 2 10/10/2019     P-944 1201188 23/02/2023 23/02/2023 Libro impreso